Travels of the Jesuits, into various parts of the world: (Record no. 126063)
[ view plain ]
| 000 -LEADER | |
|---|---|
| fixed length control field | 00990cam a22003011 4500 |
| 001 - CONTROL NUMBER | |
| control field | 7725098 |
| 003 - CONTROL NUMBER IDENTIFIER | |
| control field | ARRUPE |
| 005 - DATE AND TIME OF LATEST TRANSACTION | |
| control field | 20170220074537.0 |
| 008 - FIXED-LENGTH DATA ELEMENTS--GENERAL INFORMATION | |
| fixed length control field | 770715s1762 enkbf 000 0 eng |
| 010 ## - LIBRARY OF CONGRESS CONTROL NUMBER | |
| LC control number | 02000651 |
| 035 ## - SYSTEM CONTROL NUMBER | |
| System control number | (OCoLC)3118976 |
| 040 ## - CATALOGING SOURCE | |
| Original cataloging agency | DLC |
| Transcribing agency | AzU |
| Modifying agency | OCoLC |
| -- | DLC |
| 042 ## - AUTHENTICATION CODE | |
| Authentication code | premarc |
| 050 00 - LIBRARY OF CONGRESS CALL NUMBER | |
| Classification number | SPC BV2290.L816 |
| 300 ## - PHYSICAL DESCRIPTION | |
| Dimensions | 20 cm. |
| 100 ## - MAIN ENTRY--PERSONAL NAME | |
| Personal name | Lockman, John (ed.) |
| 9 (RLIN) | 28665 |
| 245 00 - TITLE STATEMENT | |
| Title | Travels of the Jesuits, into various parts of the world: |
| Statement of responsibility, etc | edited by Lockman, John |
| 250 ## - EDITION STATEMENT | |
| Edition statement | 2d ed. cor. |
| 260 ## - PUBLICATION, DISTRIBUTION, ETC. (IMPRINT) | |
| Place of publication, distribution, etc | London |
| Name of publisher, distributor, etc | John Noon |
| Date of publication, distribution, etc | 1743 |
| 300 ## - PHYSICAL DESCRIPTION | |
| Extent | xxii, 486p.; |
| 651 #0 - SUBJECT ADDED ENTRY--GEOGRAPHIC NAME | |
| Geographic name | China |
| General subdivision | Description and travel. |
| 9 (RLIN) | 21719 |
| 651 #0 - SUBJECT ADDED ENTRY--GEOGRAPHIC NAME | |
| Geographic name | Indochina |
| General subdivision | Description and travel. |
| 9 (RLIN) | 28666 |
| 651 #0 - SUBJECT ADDED ENTRY--GEOGRAPHIC NAME | |
| Geographic name | America |
| General subdivision | Description and travel. |
| 9 (RLIN) | 28667 |
| 700 1# - ADDED ENTRY--PERSONAL NAME | |
| Personal name | Lockman, John, |
| Dates associated with a name | 1698-1771, |
| Relator term | tr. |
| 9 (RLIN) | 28668 |
| 710 2# - ADDED ENTRY--CORPORATE NAME | |
| Corporate name or jurisdiction name as entry element | Jesuits. |
| Title of a work | Letters from missions. |
| 9 (RLIN) | 28669 |
| 740 0# - ADDED ENTRY--UNCONTROLLED RELATED/ANALYTICAL TITLE | |
| Uncontrolled related/analytical title | Lettres édifiantes et curieuses. |
| 906 ## - LOCAL DATA ELEMENT F, LDF (RLIN) | |
| a | 7 |
| b | cbc |
| c | oclcrpl |
| d | u |
| e | ncip |
| f | 19 |
| g | y-gencatlg |
| 942 ## - ADDED ENTRY ELEMENTS (KOHA) | |
| Source of classification or shelving scheme | Library of Congress Classification |
| Koha item type | SPC |
| Withdrawn status | Lost status | Source of classification or shelving scheme | Damaged status | Not for loan | Collection code | Home library | Current library | Shelving location | Date acquired | Total Checkouts | Full call number | Barcode | Date last seen | Copy number | Price effective from | Koha item type |
|---|---|---|---|---|---|---|---|---|---|---|---|---|---|---|---|---|
| Library of Congress Classification | Main Collection | ARRUPE LIBRARY | ARRUPE LIBRARY | Main Collection | 08/02/2017 | SPC BV2290.L816 | 46500024067 | 08/02/2017 | 1 | 08/02/2017 | SPC | |||||
| Library of Congress Classification | Main Collection | ARRUPE LIBRARY | ARRUPE LIBRARY | Main Collection | 08/02/2017 | SPC BV2290.L816 | 46500024068 | 27/02/2017 | 2 | 08/02/2017 | SPC |